01241cam a22002771 450000100060000000300080000600500170001400800390003103500190007004000320008904100110012108200220013210000290015424500690018326000530025230000260030549000800033150002160041150400420062760000410066983000180071083000650072894200120079399900170080595201410082231017BD-RjUL20211209051641.0140413s1966 pk b 001 0 eng a(BD-RjUL)31104 aDLCcDLCdDLCdBD-RjULbeng0 aengara00a181.947bATA 19661 aAtiyeh, George N.99430003aAl-Kindi :bthe philosopher of the Arabs /cby George N. Atiyeh. aRawalpindi :bIslamic Research Institute,c1966. axvi, 272 p. ;c22 cm.1 aPublications of the Islamic Research Institute (Pakistan) Publication no. 6 aAppendices (p. [148]-257):--1. The works of al-Kindī. [Notes in English; titles in English and Arabic]--2. On the intellect.--3. Sayings of al-Kindī: Arabic text. English translation, by A. S. Bazmee Ansari. aBibliography: p. [258]-268 and index.00aKindī,d-approximately 873.939284 0vno. 6.995716 0aPublication (Islamic Research Institute (Pakistan)) ;995717 2ddccBK c31017d31017 00102ddc40718FICaRUCLbRUCLcReadingd1969-06-24eBook centreg12.50l0o181.947 ATA 1966r2014-04-13 00:00:00tC-1w2021-12-09yBK